Λουκής Ακρίτας : το λογοτεχνικό του έργο και η συμβολή του στην εκπαιδευτική μεταρρύθμιση, οπτικοποίηση υλικού ; διπλωματική εργασία [μεταπτυχιακή εργασία]

Αποθηκεύτηκε σε:
Λεπτομέρειες βιβλιογραφικής εγγραφής
Κύριος συγγραφέας: Ανδρικοπούλου, Φωτεινή
Άλλοι συγγραφείς: Χριστοδουλίδου, Λουϊζα (dgsf [Επιβλέπουσα καθηγήτρια])
Μορφή: Thesis Βιβλίο
Γλώσσα:Greek
Δημοσίευση: 2015.
Θέματα:
Διαθέσιμο Online:http://hdl.handle.net/11610/16164
Ετικέτες: Προσθήκη ετικέτας
Δεν υπάρχουν, Καταχωρήστε ετικέτα πρώτοι!

MARC

LEADER 00000cam a2200000 a 4500
001 1/106828
008 150609s2015####gr | ||| |||| ||gre||
040 |a GR-MyUa  |b gre  |c GR-MyUa  |e AACR2 
041 0 |a gre 
082 7 |a 889.3   |2 (23)  
100 1 |a Ανδρικοπούλου, Φωτεινή. 
245 1 0 |a Λουκής Ακρίτας :   |b το λογοτεχνικό του έργο και η συμβολή του στην εκπαιδευτική μεταρρύθμιση, οπτικοποίηση υλικού ; διπλωματική εργασία [μεταπτυχιακή εργασία] /   |c Ανδρικοπούλου Φωτεινή ; επιβλέπουσα καθηγήτρια Χριστοδουλίδου Λουϊζα.  
260 |c 2015.  
300 |a 110 σ. ;   |c 30 εκ.  
502 # # |a Διατριβή (μεταπτυχιακή) – Πανεπιστήμιο Αιγαίου, Ρόδος, 2015. 
504 |a Βιβλιογραφία: σ. 102-109.  
506 1 |a Διάθεση μόνο λέξεων κλειδιών περιλήψεων.  
600 1 0 |a Ακρίτας, Λουκής,   |d 1909-1965. 
650 0 |a Greek fiction. 
650 0 |a Greek literature  |x History and criticism. 
700 1 |a Χριστοδουλίδου, Λουϊζα,  |e dgsf [Επιβλέπουσα καθηγήτρια] 
852 |a INST  |b RHODES  |c DIATR  |e 20150609  |h 889.3 ΑΝΔ  |p 005400037796  |q 005400037796  |t MTXE  |y 23 
856 |u http://hdl.handle.net/11610/16164 
924 |a Ανδρικοπούλου   |b Φωτεινή   |y Ρόδος  |z 2015-03  
970 |z 09-06-2015